[Event "IECC Trio 600 email"]
[Site "IECC email"]
[Date "1998.09.02"]
[Round "?"]
[White "Hoefer, Hans Peter"]
[Black "Vanderven, Tony"]
[Result "1-0"]
[WhiteElo "1589"]
[BlackElo "1513"]
[PlyCount "63"]
[EventDate "1998.??.??"]
[EventType "tourn (corr)"]
[EventRounds "4"]
[SourceTitle "Corr 2008"]
[Source "ChessBase"]
[SourceDate "2008.06.24"]
[SourceVersion "1"]
[SourceVersionDate "2008.06.24"]
[SourceQuality "1"]

1. d4 Nf6 2. c4 e6 3. Nc3 Bb4 4. e3 0-0 5. Bd3 d5 6. Nf3 c5 7. 0-0 dxc4 8. Bxc4 cxd4 9. exd4 b6 10. Bg5 Bb7 11. Re1 Bxc3 12. bxc3 Nbd7 13. Bh4 Qc7 14. Qe2 Bxf3 15. gxf3 Qd6 16. Rac1 Qa3 17. Bb3 a5 18. c4 Rac8 19. Qd1 h6 20. d5 exd5 21. cxd5 b5 22. Ra1 Rc5 23. Bg3 Rc3 24. Qd2 Rfc8 25. Re3 Qc5 26. Bd6 Rc1+ 27. Kg2 Qxd6 28. Rxc1 Rxc1 29. Qxc1 a4 30. Qc6 Qb8 31. Bc2 g6 32. Bd3 1-0

[Event "IECC Trio 600 email"]
[Site "IECC email"]
[Date "1998.09.02"]
[Round "?"]
[White "Vanderven, Tony"]
[Black "Hoefer, Hans Peter"]
[Result "0-1"]
[WhiteElo "1524"]
[BlackElo "1575"]
[PlyCount "48"]
[EventDate "1998.??.??"]
[EventType "tourn (corr)"]
[EventRounds "4"]
[SourceTitle "Corr 2008"]
[Source "ChessBase"]
[SourceDate "2008.06.24"]
[SourceVersion "1"]
[SourceVersionDate "2008.06.24"]
[SourceQuality "1"]

1. e4 d6 2. d4 Nf6 3. Nc3 g6 4. Be3 Bg7 5. f3 c6 6. Qd2 b5 7. 0-0-0 Qa5 8. Kb1 Nbd7 9. Bh6 Bxh6 10. Qxh6 Nb6 11. Nh3 Bxh3 12. Qxh3 Na4 13. Nxa4 bxa4 14. a3 Rb8 15. Qh6 Qc3 16. Qc1 Qxa3 17. Rd3 Qb4 18. Ka1 0-0 19. e5 Nd5 20. c3 Qa5 21. exd6 exd6 22. c4 Nb4 23. Ra3 Rfe8 24. Qd1 Re1 0-1

[Event "IECC Trio 605 email"]
[Site "IECC email"]
[Date "1998.09.02"]
[Round "?"]
[White "Vanderven, Tony"]
[Black "Pedersen, Jan"]
[Result "1-0"]
[WhiteElo "1490"]
[BlackElo "1645"]
[PlyCount "43"]
[EventDate "1998.??.??"]
[EventType "tourn (corr)"]
[EventRounds "4"]
[SourceTitle "Corr 2008"]
[Source "ChessBase"]
[SourceDate "2008.06.24"]
[SourceVersion "1"]
[SourceVersionDate "2008.06.24"]
[SourceQuality "1"]

1. e4 e5 2. Nf3 Nc6 3. Bb5 a6 4. Ba4 b5 5. Bb3 Bc5 6. c3 d6 7. d4 exd4 8. cxd4 Bb4+ 9. Nc3 Bxc3+ 10. bxc3 h6 11. 0-0 Bg4 12. Qd3 Bxf3 13. Qxf3 Qf6 14. Qh3 Nge7 15. f4 Na5 16. e5 Qf5 17. g4 Qd7 18. Bd1 h5 19. Bf3 0-0-0 20. Qg2 g6 21. Ba3 hxg4 22. Bxg4 1-0